Grand Beatbox Battle 2024 (GBB24) - Statistics

General Stats
  • This quiz has been taken 87 times
  • The average score is 61 of 114
Answer Stats
Hint Answer % Correct
5th Place | Top 8 Abo Ice
89%
Champion Julard
89%
Vice Champion Osis
89%
Top 8 Wing
89%
4th Place KAJI
85%
NaPoM
85%
3rd Place Remix
85%
Top 8 Helium
83%
Champion Yaswede
80%
Judges BizKit
78%
Judges Colaps
78%
Frosty
78%
Champion KBA
78%
6th Place | Eliminated PACMax
78%
3rd Place Raje
78%
Robin
78%
Vice Champion Matej
76%
3rd Place | 4th Place SyJo
76%
Top 8 Alexinho
74%
Dropped Improver
74%
River'
74%
Champions Jairo
72%
Kristóf
72%
Top 8 Josh O
67%
Eliminated | Vice Champion MaxO
67%
Top 8 808Banon
65%
Top 8 Duncan
65%
Eliminated Stitch
65%
Bookie Blanco
63%
FootboxG
63%
Hiss
63%
Vice Champion Antrix
61%
Dropped BreZ
61%
Dharni
61%
Vice Champions Fresh Tonic
61%
4th Place Future Monster
61%
3rd Place | Eliminated BlackRoll
59%
Top 8 Cardona
59%
Eliminated DEN
59%
Tioneb
59%
Eliminated Steady
57%
4th Place Kaos
52%
3rd Place MiCo
52%
Eliminated momimaru
52%
John-T
50%
Taras Stanin
50%
CJ
48%
YAMORI
48%
Slizzer
46%
Kara
43%
SO-SO
43%
Pash
41%
Eliminated Bly Crepsley
39%
Champions Kowler Rangers
39%
Dropped Fake and Autotune
37%
6th Place Mighty
37%
Scott Jackson
37%
Eliminated ZieGer
37%
Judges Jayton
35%
Judges Chris Celiz
33%
Mizuki
33%
3rd Place Sound of sony Ω
33%
Eliminated UMA
33%
CoLoA
30%
Eon
28%
Vice Champions meOne
28%
Eliminated SARSHIANS
28%
OSY
26%
4th Place The Young Drug
26%
Tunecinoo
26%
Blaz
24%
Epock
24%
The-O
24%
Wah Da Fu
24%
Yuichi
24%
AëlMight
22%
Geo Popoff
22%
Yuske
22%
HiccuP
20%
HIRONA
20%
Raptor
20%
Dropped BassFace
17%
fkd
17%
Se-MA
15%
Shackle
15%
Shinyaaa
15%
Kawai Senpai
13%
DYU-TAR
9%
Vinzayn
7%
Ali
4%
No matching quizzes found
Score Distribution
Percent of People with Each Score
Percentile by Number Answered
Your Score History
You have not taken this quiz